000 00346nam a2200121Ia 4500
008 250110s9999 xx 000 0 und d
041 _aeng
100 _aDeshpande Nikita
_9183147
245 _aLandscape Master Plan Proposal For Bidar Fort, Karnataka, India
260 _bBNCA M Arch LA, Pune
_c2017
300 _a40p
700 _aGuide Name:BNCA
999 _c364018
_d364018